History Quiz

Random History Quiz

Questions about the Constitution Quiz Stats

 Plays Quiz not verified by Sporcle

Score 0/10 Timer 05:00
0 Plays Today
% Correct
27
75.3%
Article 1 Section 8
59%
2
48.2%
18
43.4%
7
41.6%
4
38%
Implied
30.7%
Expressed
29.5%
Popular Sovereignty
23.5%
Mcculloch v. maryland
20.5%

You're not logged in!

Compare scores with friends on all Sporcle quizzes.
OR
Log In

Show Comments

Extras

Created Oct 12, 2010ReportNominate
Tags:constitution

Top Quizzes Today


Score Distribution

Your Account Isn't Verified!

In order to create a playlist on Sporcle, you need to verify the email address you used during registration. Go to your Sporcle Settings to finish the process.

Report this User

Report this user for behavior that violates our Community Guidelines.

Details: